| 000 | 00659nam a2200193Ia 4500 | ||
|---|---|---|---|
| 003 | IT-RoPAU | ||
| 005 | 20220918175744.0 | ||
| 008 | 120407s9999 xx 000 0 und d | ||
| 040 |
_aIT-RoPAU _c20140509152427.0 |
||
| 040 | _cIT-RoPAU | ||
| 041 | _aita | ||
| 100 |
_aPie Discepole del Divin Maestro _924314 |
||
| 245 | _aCostituzioni delle Pie Discepole del Divin Maestro. | ||
| 260 |
_c1948 _aRoma _bCasa Generalizia PDDM |
||
| 300 |
_a202 p. _c14,5 cm |
||
| 520 | _aIndice Parte prima - Fine e membri della Congregazione Parte seconda - Vita ed opere della Congregazione Parte terza - Governo della Congregazione | ||
| 942 |
_cBK _2ddc |
||
| 999 |
_c28449 _d28449 |
||